000 00280nam a22001337a 4500
008 171123b xxu||||| |||| 00| 0 eng d
020 _a9780582256347
041 _aeng
080 _a62
100 _a27
101 _aMEK
245 _aMECHATRIONICS
_cBOLTON.W
942 _2udc
_cBK
999 _c38379
_d38379